000 00500nam a2200157Ia 4500
008 210716s2005 xx 000 0 und d
020 _a0393927504
041 _aeng
082 _a658.001 ALLW
100 _aAllen, W Bruce;Doherty, Neil A;Weigelt, Keith;Mansfield, Edwin.
245 _aManagerial economics: theory applications and cases.
_bTheory applications and cases.
250 _a6
260 _aNew York
_bW.W Norton & company
_c2005
300 _axxiv,832
650 _aManagerial Economics
999 _c199206
_d199206